00610nam a2200205 a 450000100060000000300080000600500170001400800410003103500190007204000360009104100080012708200240013510000200015924500660017926000490024530000340029450400380032865000140036670000240038055247BD-RjUL20211209080234.0161115s1962 nyua b 001 0 eng  a(BD-RjUL)55369 aDLC/ICUcICUdICUdBD-RjULbeng aeng00a576.5222bKIG 19621 aKing, Robert C.00aGenetics /cRobert C. King ; illustrated by E. John Pfiffner. aNew York :bOxford University Press,cc1962. axiv, 347 p. :bill. ;c26 cm. aIncludes bibliographies and index 0aGenetics. aPfiffner, E. John